Advanced spoken Chinese. t.I /
Bewaard in:
| Hoofdauteur: | |
|---|---|
| Andere auteurs: | , |
| Formaat: | Sách giấy |
| Taal: | English |
| Gepubliceerd in: |
[S.l.] :
Peking University Press,
1997.
|
| Tags: |
Voeg label toe
Geen labels, Wees de eerste die dit record labelt!
|
| Thư viện lưu trữ: | Thư viện Trường Đại học Đà Lạt |
|---|
| LEADER | 00796nam a2200325 4500 | ||
|---|---|---|---|
| 001 | DLU110120876 | ||
| 005 | ##20110509 | ||
| 040 | # | # | |a DLU |b vie |
| 041 | # | # | |a eng |
| 044 | # | # | |a vn |
| 082 | # | # | |a 495.183 |b LI-Y |
| 100 | # | # | |a Liu Yuanman. |
| 245 | # | # | |a Advanced spoken Chinese. |n t.I / |c Liu Yuanman, Ren Xuemei, Jin Shunian. |
| 260 | # | # | |a [S.l.] : |b Peking University Press, |c 1997. |
| 300 | # | # | |a 205 tr. ; |c 26 cm. |
| 546 | # | # | |a Tài liệu viết bằng tiếng Trung Quốc |
| 700 | # | # | |a Jin Shunian. |
| 700 | # | # | |a Ren Xuemei. |
| 923 | # | # | |a 01/2011NN |
| 990 | # | # | |a t.I |
| 991 | # | # | |a GT |
| 992 | # | # | |a 90000 |
| 994 | # | # | |a KNN |
| 900 | # | # | |a True |
| 911 | # | # | |a Đào Thị Thu Huyền |
| 925 | # | # | |a G |
| 926 | # | # | |a A |
| 927 | # | # | |a SH |
| 980 | # | # | |a Thư viện Trường Đại học Đà Lạt |